Error Prevention and Well-Being at Work in Western Europe and Russia : (Record no. 49527)

MARC details
000 -LEADER
fixed length control field 00706nam a22002057a 4500
003 - CONTROL NUMBER IDENTIFIER
control field 0
005 - DATE AND TIME OF LATEST TRANSACTION
control field 20160609170725.0
008 - FIXED-LENGTH DATA ELEMENTS--GENERAL INFORMATION
fixed length control field 110714t xxu||||| |||| 00| 0 eng d
020 ## - NUMERO INTERNATIONAL NORMALISE DES LIVRES
International Standard Book Number 0-7923-7100-3
040 ## - SOURCE DU CATALOGAGE
Original cataloging agency BUAC
Language of cataloging Fre
Transcribing agency BUC
041 ## - CODE DE LANGUE
Language code of text/sound track or separate title Eng
100 ## - VEDETTE PRINCIPALE - NOM DE PERSONNE
Personal name Keyser, Véronique de
9 (RLIN) 17698
245 ## - TITLE STATEMENT
Title Error Prevention and Well-Being at Work in Western Europe and Russia :
Remainder of title Psychological Traditions and New Trends
Statement of responsibility, etc Ed. by Véronique De Keyser, Anna B. Leonova
260 ## - PUBLICATION, DISTRIBUTION, ETC. (IMPRINT)
Place of publication, distribution, etc Boston
Name of publisher, distributor, etc Ed. Kluwer
Date of publication, distribution, etc 2001
300 ## - PHYSICAL DESCRIPTION
Extent 363p.
Dimensions 24 cm
504 ## - BIBLIOGRAPHY, ETC. NOTE
Bibliography, etc Comprend : Bibliogr. p. 213 - 243 ; Glossaire p. 245 - 255
630 ## - SUBJECT ADDED ENTRY--UNIFORM TITLE
Uniform title PSYCHOLOGIE
9 (RLIN) 17699
650 ## - SUBJECT ADDED ENTRY--TOPICAL TERM
Topical term or geographic name as entry element Comportement : psychologie
9 (RLIN) 17700
942 ## - ADDED ENTRY ELEMENTS (KOHA)
Koha item type Livre
Holdings
Withdrawn status Lost status Damaged status Not for loan Location (home branch) Sublocation or collection (holding branch) Date acquired Source of acquisition Koha issues (times borrowed) Koha full call number Piece designation (barcode) Koha date last seen Copy number Price effective from Koha item type
        Bibliothèque American Corner de l'UAC Bibliothèque American Corner de l'UAC 14/07/2011 Don   159.944 KEY 08-393Buc 14/07/2011 1 14/07/2011 Livre


© 2008, Bibliothèques de l'Université d'Abomey-Calavi

04 BP 789 Cotonou, Tél. : +229 21 36 01 01, Fax : +229 21 35 06 32

Courriel : bu@bu.uac.bj